Psalmus Hungaricus, op. 13 für Tenorsolo, Chor und Orchester : Partitura /

Hlavní autor: Kodály, Zoltán, 1882-1967
Další autoři: Dent, Edward Joseph, 1876-1957
Jazyk: Maďarština
Němčina
Angličtina
Vydáno: Wien : Wiener Philharmonischer Verlag ; [1928?]
Edice: Philharmonia Partituren-Scores-Partitions
Fyzický popis: 1 partitura (88 s.)
Hudebniny Hudebniny
Uloženo v:
LEADER 01123ncm a22002772a 4500
001 001121445
003 CZ BrMZK
005 20101012160350.0
007 qu
008 091210s1928 au |||||||||||||||||hun d
040 |a BOA001  |b cze 
041 0 |a hun  |a ger  |a eng 
072 7 |a 783  |x Církevní hudba. Duchovní hudba. Náboženská hudba  |2 Konspekt  |9 9 
100 1 |a Kodály, Zoltán,  |d 1882-1967  |7 jn19990210338  |4 cmp 
240 1 0 |a Psalmus Hungaricus 
245 1 0 |a Psalmus Hungaricus, op. 13  |h [hudebnina] :  |b für Tenorsolo, Chor und Orchester : Partitura /  |c Zoltán Kodályl ; english version by Edward J. Dent 
260 |a Wien :  |b Wiener Philharmonischer Verlag ;  |c [1928?] 
300 |a 1 partitura (88 s.) 
490 1 |a Philharmonia Partituren-Scores-Partitions ;  |v No. 233 
500 |a Text maďarsky, německy a anglicky 
700 1 |a Dent, Edward Joseph,  |d 1876-1957  |7 ola2002153264  |4 trl 
830 0 |a Philharmonia Partituren-Scores-Partitions 
910 |a BOA001  |b Mus1-0162.493,233 
990 |a MU 
991 |b 201010 
996 6 |b 2619263737  |c Mus1-0162.493,233  |l MZK  |r Sklad / do 1 hodiny  |n 0  |w 001149639  |u 000010  |a 1  |e BOA001  |j MZK50  |s P